书目信息 |
| 题名: |
电视剧叙事研究
|
|
| 作者: | 杨新敏 著 | |
| 分册: | ||
| 出版信息: | 北京 文化艺术出版社 2003 |
|
| 页数: | 308页 | |
| 开本: | 20cm | |
| 丛书名: | ||
| 单 册: | ||
| 中图分类: | J904 | |
| 科图分类: | ||
| 主题词: | 电视--艺术--创作--经验--中国 | |
| 电子资源: | ||
| ISBN: | 7-5039-2345-8 | |
| 000 | 00820nam0 2200229 45 | |
| 001 | 110000000169 | |
| 005 | 20051229094610.43 | |
| 010 | @a7-5039-2345-8@dCNY17.00 | |
| 092 | @aCN | |
| 100 | @a20041229d2003 ekmy0chiy0120 ea | |
| 101 | 0 | @achi |
| 102 | @aCN@b110000 | |
| 105 | @ay z 000yy | |
| 200 | 1 | @a电视剧叙事研究@Adian shi ju xu shi yan jiu@f杨新敏著@FYang Xin Min Zhu |
| 210 | @a北京@c文化艺术出版社@d2003 | |
| 215 | @a308页@d20cm | |
| 330 | @a本论文将电视剧的话语精神与叙事策略置于中国当代文化背景中考虑,以敏锐的学术眼光提出了电视剧话语精神的当代性与民族性特点,从中国文化特点出发提出了电视剧的三种话语各自的特点,作为一家之言,新颖独到,富有启发性。 | |
| 606 | 0 | @a电视@x艺术@x创作@x经验@y中国 |
| 690 | @aJ904@v4 | |
| 701 | 0 | @a杨新敏@4著 |
| 801 | 0 | @aCN@bCXYBOOK@c20051229 |
| 905 | @a10447@dJ904@e108 | |
| 电视剧叙事研究/杨新敏著.-北京:文化艺术出版社,2003 |
| 308页;20cm |
| ISBN 7-5039-2345-8:CNY17.00 |
| 本论文将电视剧的话语精神与叙事策略置于中国当代文化背景中考虑,以敏锐的学术眼光提出了电视剧话语精神的当代性与民族性特点,从中国文化特点出发提出了电视剧的三种话语各自的特点,作为一家之言,新颖独到,富有启发性。 |
| ● |
| 相关链接 |
|
|
|
|
正题名:电视剧叙事研究
索取号:J904/108
 
预约/预借
| 序号 | 登录号 | 条形码 | 馆藏地/架位号 | 状态 | 备注 |
| 1 | 0358798 | 3587988 | 第一样本阅览室/ [索取号:J904/108] | 在馆 | |
| 2 | 0372929 | 203729297 | 第一借阅区/ [索取号:J904/108] | 在馆 | |
| 3 | 0372930 | 203729304 | 第一借阅区/ [索取号:J904/108] | 在馆 | |
| 4 | 0372931 | 203729313 | 第一借阅区/ [索取号:J904/108] | 在馆 | |
| 5 | 0372932 | 203729322 | 第一借阅区/ [索取号:J904/108] | 在馆 | |
| 6 | 0372933 | 203729331 | 第一借阅区/ [索取号:J904/108] | 在馆 |